Nursing interventions classification (NIC) / (Record no. 171595)

MARC details
000 -LEADER
fixed length control field 01144nam a22003017a 4500
003 - CONTROL NUMBER IDENTIFIER
control field OSt
005 - DATE AND TIME OF LATEST TRANSACTION
control field 20250428110524.0
008 - FIXED-LENGTH DATA ELEMENTS--GENERAL INFORMATION
fixed length control field 250411b |||||||| |||| 00| 0 eng d
020 ## - INTERNATIONAL STANDARD BOOK NUMBER
International Standard Book Number 9780323882514 (paperback)
040 ## - CATALOGING SOURCE
Original cataloging agency NUST
Language of cataloging eng
Transcribing agency NUST
Modifying agency NUST
Description conventions rda
050 ## - LIBRARY OF CONGRESS CALL NUMBER
Classification number RT51 NUR
245 ## - TITLE STATEMENT
Title Nursing interventions classification (NIC) /
Statement of responsibility, etc. edited by Cheryl M Wagner, Howard K Butcher and Mary F Clarke.
250 ## - EDITION STATEMENT
Edition statement Eighth edition.
260 ## - PUBLICATION, DISTRIBUTION, ETC.
Place of publication, distribution, etc. St. Louis, Missouri :
Name of publisher, distributor, etc. Elsevier,
Date of publication, distribution, etc. 2024.
300 ## - PHYSICAL DESCRIPTION
Extent xxix, 561 pages :
Other physical details Illustrations ;
Dimensions 24 cm.
336 ## - CONTENT TYPE
Source rdamedia
Content type term text
Content type code txt
337 ## - MEDIA TYPE
Source rdamedia
Media type term unmediated
Media type code n
338 ## - CARRIER TYPE
Source rdamedia
Carrier type term volume
Carrier type code nc
504 ## - BIBLIOGRAPHY, ETC. NOTE
Bibliography, etc. note Includes bibliographical references and index.
650 ## - SUBJECT ADDED ENTRY--TOPICAL TERM
Form subdivision Nursing diagnosis -- Handbooks, manuals, etc.
650 ## - SUBJECT ADDED ENTRY--TOPICAL TERM
Form subdivision Nursing care plans -- Handbooks, manuals, etc.
650 ## - SUBJECT ADDED ENTRY--TOPICAL TERM
Form subdivision Nursing -- Handbooks, manuals, etc.
650 ## - SUBJECT ADDED ENTRY--TOPICAL TERM
Form subdivision Nursing -- Classification.
700 ## - ADDED ENTRY--PERSONAL NAME
Personal name Wagner, Cheryl M
Relator term Editor
700 ## - ADDED ENTRY--PERSONAL NAME
Personal name Butcher, Howard Karl
Relator term Editor
700 ## - ADDED ENTRY--PERSONAL NAME
Personal name Clarke, Mary F
Relator term Editor
942 ## - ADDED ENTRY ELEMENTS (KOHA)
Source of classification or shelving scheme Library of Congress Classification
Koha item type Ordinary Loan Books
Edition Eighth edition.
Classification part RT51 NUR
Call number prefix RT
Call number suffix NUR
Suppress in OPAC No
Holdings
Withdrawn status Lost status Source of classification or shelving scheme Damaged status Not for loan Collection Home library Current library Shelving location Date acquired Source of acquisition Cost, normal purchase price Total Checkouts Full call number Barcode Date last seen Accession number Cost, replacement price Price effective from Koha item type Public note
    LCC     NFIC MEDICAL MEDICAL GEN 04/11/2025 Book Aid International 46.00   RT51 NUR 92004056581 04/11/2025 62976 46.00 04/11/2025 BOOKS Donation
    LCC     NFIC MEDICAL MEDICAL GEN 04/28/2025 Book Aid International 46.00   RT51 NUR 92004057200 04/28/2025 62867 46.00 04/28/2025 BOOKS Donation